<?xml version="1.0" encoding="UTF-8"?>
<record
    xmlns:xsi="http://www.w3.org/2001/XMLSchema-instance"
    xsi:schemaLocation="http://www.loc.gov/MARC21/slim http://www.loc.gov/standards/marcxml/schema/MARC21slim.xsd"
    xmlns="http://www.loc.gov/MARC21/slim">

  <leader>03525nam a2200529Ia 4500</leader>
  <controlfield tag="001">3205</controlfield>
  <controlfield tag="008">241029s9999    xx            000 0 und d</controlfield>
  <datafield tag="010" ind1=" " ind2=" ">
    <subfield code="a">3012</subfield>
  </datafield>
  <datafield tag="041" ind1=" " ind2=" ">
    <subfield code="a">Espa&#xF1;ol</subfield>
  </datafield>
  <datafield tag="082" ind1=" " ind2=" ">
    <subfield code="a">R.D. MGE 2009-34</subfield>
  </datafield>
  <datafield tag="245" ind1=" " ind2="0">
    <subfield code="a">Tipo de liderazgo y su incidencia en la toma de decisiones en tres (3) Centros Educativos del Sector P&#xFA;blico en el Nivel Medio del Distrito Educativo 06-02, per&#xED;odo 2008-2009</subfield>
  </datafield>
  <datafield tag="260" ind1=" " ind2=" ">
    <subfield code="a">La Vega</subfield>
  </datafield>
  <datafield tag="300" ind1=" " ind2=" ">
    <subfield code="a">112</subfield>
  </datafield>
  <datafield tag="520" ind1=" " ind2=" ">
    <subfield code="a">6</subfield>
  </datafield>
  <datafield tag="630" ind1=" " ind2=" ">
    <subfield code="a">Liderazgo</subfield>
  </datafield>
  <datafield tag="650" ind1=" " ind2=" ">
    <subfield code="a">Liderazgo</subfield>
  </datafield>
  <datafield tag="690" ind1=" " ind2=" ">
    <subfield code="a">Sintetizado</subfield>
  </datafield>
  <datafield tag="700" ind1=" " ind2=" ">
    <subfield code="e">asesor</subfield>
    <subfield code="a">Zorrilla, Radham&#xE9;s </subfield>
  </datafield>
  <datafield tag="700" ind1=" " ind2=" ">
    <subfield code="e">autor</subfield>
    <subfield code="a">Qu&#xE9;liz Soriano, Di&#xF3;genes</subfield>
  </datafield>
  <datafield tag="700" ind1=" " ind2=" ">
    <subfield code="e">autor</subfield>
    <subfield code="a">Reyes Jim&#xE9;nez, Benito </subfield>
  </datafield>
  <datafield tag="901" ind1=" " ind2=" ">
    <subfield code="a">{"1":"Qu&#xE9;liz Soriano","2":"Reyes Jim&#xE9;nez"}</subfield>
    <subfield code="b">{"1":"Di&#xF3;genes","2":"Benito "}</subfield>
  </datafield>
  <datafield tag="902" ind1=" " ind2=" ">
    <subfield code="a">1</subfield>
  </datafield>
  <datafield tag="903" ind1=" " ind2=" ">
    <subfield code="a">{"1":"Zorrilla"}</subfield>
    <subfield code="b">{"1":"Radham&#xE9;s "}</subfield>
  </datafield>
  <datafield tag="904" ind1=" " ind2=" ">
    <subfield code="a">Mag&#xED;ster en</subfield>
  </datafield>
  <datafield tag="905" ind1=" " ind2=" ">
    <subfield code="a">Gesti&#xF3;n de Centros Educativos</subfield>
  </datafield>
  <datafield tag="906" ind1=" " ind2=" ">
    <subfield code="a">2</subfield>
  </datafield>
  <datafield tag="907" ind1=" " ind2=" ">
    <subfield code="a">NO APLICA</subfield>
  </datafield>
  <datafield tag="908" ind1=" " ind2=" ">
    <subfield code="a">NO APLICA</subfield>
  </datafield>
  <datafield tag="909" ind1=" " ind2=" ">
    <subfield code="a">Universidad Cat&#xF3;lica Tecnol&#xF3;gica del Cibao (UCATECI)</subfield>
  </datafield>
  <datafield tag="910" ind1=" " ind2=" ">
    <subfield code="a">NULL</subfield>
    <subfield code="b">NULL</subfield>
  </datafield>
  <datafield tag="911" ind1=" " ind2=" ">
    <subfield code="a">["1"]</subfield>
  </datafield>
  <datafield tag="912" ind1=" " ind2=" ">
    <subfield code="a">NO APLICA</subfield>
  </datafield>
  <datafield tag="913" ind1=" " ind2=" ">
    <subfield code="a">NULL</subfield>
  </datafield>
  <datafield tag="914" ind1=" " ind2=" ">
    <subfield code="a">03 de Agosto de 2009</subfield>
  </datafield>
  <datafield tag="915" ind1=" " ind2=" ">
    <subfield code="a">18/09/14 10:09</subfield>
  </datafield>
  <datafield tag="916" ind1=" " ind2=" ">
    <subfield code="a">NULL</subfield>
  </datafield>
  <datafield tag="917" ind1=" " ind2=" ">
    <subfield code="a">NULL</subfield>
  </datafield>
  <datafield tag="918" ind1=" " ind2=" ">
    <subfield code="a">NO APLICA</subfield>
  </datafield>
  <datafield tag="919" ind1=" " ind2=" ">
    <subfield code="a">["131"]</subfield>
  </datafield>
  <datafield tag="520" ind1=" " ind2=" ">
    <subfield code="a">El presente estudio consiste en determinar el tipo de liderazgo y su incidencia en la toma de decisiones en tres (3) Centros Educativos del sector p&#xFA;blico en el Nivel Medio del Distrito Educativo 06-02, a&#xF1;o lectivo 2008-2009, sustentado por Benito Reyes Jim&#xE9;nez y Di&#xF3;genes Qu&#xE9;liz Soriano.El problema de investigaci&#xF3;n consiste en que tres liceos funcionan en la misma planta f&#xED;sica y est&#xE1;n dirigidos por personas con caracter&#xED;sticas y estilos diferentes, que en algunas situaciones derivan en acciones inapropiadas al momento de dirigir procesos y llegar a consenso en el proceso de la toma de decisiones. El liderazgo que ejercen las directoras puede estar influenciado en la toma de decisiones, pues cuando en el plantel educativo se tiene que tomar una decisi&#xF3;n, una de las directoras trata de usar su influencia para hacer valer su punto de vista sobre el fen&#xF3;meno a decidir, lo que en algunos casos afecta el clima organizacional en este plantel. Para el logro de &#xE9;ste, se formularon cinco (5) objetivos espec&#xED;ficos relacionados con variables e indicadores del estudio.Esta investigaci&#xF3;n se clasific&#xF3; dentro de un estudio correlacional, pues trata de encontrar un camino que cualifique el liderazgo de las directoras de tal manera que les haga posible el &#xE9;xito en su labor tanto en el h&#xE1;bito pedag&#xF3;gico como institucional. El estudio tuvo una muestra de tres (3) directoras, 41 docentes, 36 estudiantes y 13 padres.Las conclusiones m&#xE1;s relevantes del estudio fueron: el proceso de comunicaci&#xF3;n entre las directoras no es totalmente eficaz, pues los par&#xE1;metros indican que es buena y regular. Las directoras de los liceos Gast&#xF3;n F. Deligne y Felipe Soriano Bello han adoptado la pr&#xE1;ctica del trabajo en equipo como estrategia para el logro de los objetivos propuestos, no siendo as&#xED; en el Eugenio Mar&#xED;a de Hostos, ya que la directora prefiere asignar tareas al personal para la realizaci&#xF3;n de las actividades. El estudiantado y la sociedad de padres no son tomados en cuenta al momento de tomar decisiones. Se toman decisiones unilaterales.</subfield>
  </datafield>
  <datafield tag="921" ind1=" " ind2=" ">
    <subfield code="a">28</subfield>
  </datafield>
  <datafield tag="922" ind1=" " ind2=" ">
    <subfield code="a">28</subfield>
  </datafield>
  <datafield tag="923" ind1=" " ind2=" ">
    <subfield code="a">0</subfield>
  </datafield>
  <datafield tag="924" ind1=" " ind2=" ">
    <subfield code="a">NO APLICA</subfield>
  </datafield>
  <datafield tag="942" ind1=" " ind2=" ">
    <subfield code="c">Tesis</subfield>
  </datafield>
  <datafield tag="999" ind1=" " ind2=" ">
    <subfield code="c">3012</subfield>
    <subfield code="d">3012</subfield>
  </datafield>
</record>
